Expo a l'abast : catàleg d'exposicions itinerants catàleg d'exposicions itinerants
ISBN:
84-7794-302-8
Descripción Física:
il. ; 21 cm
MARC
| LEADER | 00000nam a2200000Ia 4500 | ||
|---|---|---|---|
| 001 | 22221, 10807, 11382, 13129 | ||
| 008 | 160829s1994 - xx 000 0 cat d | ||
| 020 | |a 84-7794-302-8 (1994), 84-7794-350-8 (1995), 84-7794-431-8 (1996), 84-7794-749-X (2000-2001) | ||
| 080 | |a B-2-207, B-1-139, B-1-140, B-1-385 | ||
| 245 | |a Expo a l'abast : |b catàleg d'exposicions itinerants | ||
| 260 | |a Barcelona : |b Diputació de Barcelona. Servei de Cultura, |c 1994 - | ||
| 300 | |a il. ; |c 21 cm | ||
| 650 | |a Exposicions itinerants |x Catalunya |x Catàlegs |9 39570 | ||
| 650 | |a Exposicions itinerants |x Espanya |x Catàlegs |9 39571 | ||
| 710 | 1 | |a Barcelona (Catalunya : Província). |b Àrea de Cultura |9 53536 | |
| 710 | 1 | |a Barcelona (Catalunya : Província). |b Servei de Cultura |9 54401 | |
| 710 | 1 | |a Barcelona (Catalunya : Província). |b Servei de Recursos Culturals |9 56005 | |
| 866 | |a 1994, 1995, 1996, 2000 - 2001 | ||
| 901 | |a Arxiu | ||
| 942 | |n 1 | ||
| 952 | |0 0 |1 0 |4 0 |6 B2207_B1139_B1140_B1385 |7 1 |9 49087 |a Arxiu |b Arxiu |d 2016-12-01 |l 0 |o B-2-207, B-1-139, B-1-140, B-1-385 |p 22221, 10807, 11382, |r 2016-12-01 00:00:00 |w 2016-12-01 |y ARXIU | ||
| 999 | |c 52924 |d 52924 | ||